000 00333nam a2200145Ia 4500
008 230718s9999 xx 000 0 und d
041 _aEng.
082 _a34401
_bKHA-L
100 _aKhan, A.K
245 0 _aLabour Lawsin Pakistan
260 _aPakistan
_bManzoor Law book
_c2012
300 _a717
650 _aLaw
999 _c28085
_d28085